| 000 | 00573nam a22001817a 4500 | ||
|---|---|---|---|
| 005 | 20251108165304.0 | ||
| 008 | 250721s1993 xx 000 0 ara d | ||
| 082 | 1 | 4 | _a631.52/عبد |
| 100 | 1 | _aالسيد، عبد الوهاب بدر الدين | |
| 245 | 1 | 0 | _aبذور الأشجار الخشبية و إنتاج شتلاتها / |
| 264 | 1 |
_aالإسكندرية : _bمنشأة المعارف، _c1993. |
|
| 300 | _a177ص | ||
| 650 | 1 | 7 | _aالبذور |
| 650 | 1 | 7 | _aالأشجار |
| 650 | 1 | 7 | _aالغابات و التحريج |
| 942 |
_2ddc _cBK |
||
| 999 |
_c24209 _d24209 |
||